Algebraic Number Theory

Saved in:
Bibliographic Details
Main Author: Frohlich, A. (Albrecht) 1916-
Other Authors: Taylor, Martin (Martin J.)
Format: Book
Language:English
Published: Cambridge : Cambridge University Press, 1993
Series:Cambridge studies in advanced mathematics ; ; 27
Subjects:
Tags: Add Tag
No Tags, Be the first to tag this record!

MARC

LEADER 00000nam a2200000 i 4500
001 1/38151
008 941103s1993 eng d
020 |a 0-521-43834-9 
035 |a 1993  |c ΒΙΒΛΙΟΘΗΚΗ  |l 10040699 
040 |a GR-MY-UA  |b gre  |e aacr 
041 0 |a eng 
082 0 |a 512.74 
100 1 |a Frohlich, A.  |q (Albrecht)  |d 1916- 
245 1 0 |a Algebraic Number Theory /  |c A. Frohlich, M. J. Taylor 
260 |a Cambridge :   |b Cambridge University Press,   |c 1993 
300 |a 355 p.;  |c 23 cm. 
490 1 |a Cambridge studies in advanced mathematics  |v ; 27 
650 0 0 |a Algebraic number theory. 
700 1 |a Taylor, Martin  |q (Martin J.) 
830 0 |a Cambridge studies in advanced mathematics ;  |v ; 27 
852 |a INST  |b SAMOS  |e 19941103  |h 512.74 FRO  |p 005300008039  |q 005300008039  |t BK  |y 0 
909 |a Σ  |b 029554